[Event "USA tt"]
[Site "ICC INT"]
[Date "2014.10.07"]
[Round "7"]
[White "Liu, Andrew"]
[Black "Salisbury, John"]
[Result "1-0"]
[WhiteElo "2148"]
[BlackElo "1975"]
[PlyCount "69"]
[EventDate "2014.08.26"]
[EventType "team-tourn"]
[EventRounds "10"]
[EventCountry "USA"]
[SourceTitle "CBM 162 Extra"]
[Source "ChessBase"]
[SourceDate "2014.10.17"]
[SourceVersion "1"]
[SourceVersionDate "2014.10.17"]
[SourceQuality "1"]
[WhiteTeam "New England"]
[BlackTeam "Miami"]
[WhiteTeamCountry "USA"]
[BlackTeamCountry "USA"]

1. d4 Nf6 2. c4 g6 3. Nc3 Bg7 4. e4 d6 5. f3 0-0 6. Be3 e5 7. d5 Nh5 8. Qd2 f5 9. 0-0-0 Nd7 10. Kb1 a6 11. Nge2 Ndf6 12. exf5 gxf5 13. Nc1 Kh8 14. Be2 Bd7 15. a3 b5 16. cxb5 axb5 17. Rhe1 Qb8 18. N1a2 Nf4 19. Bf1 N4h5 20. Nb4 Qb7 21. Bd3 Ra5 22. Bc2 Rfa8 23. h3 Ng3 24. Bf2 Nfh5 25. Ne2 Nxe2 26. Qxe2 Nf4 27. Qf1 Ng6 28. h4 e4 29. fxe4 Ne5 30. Bd4 fxe4 31. Rxe4 Rf8 32. Rf4 Raa8 33. Bxe5 dxe5 34. Qd3 e4 35. Qxe4 1-0

[Event "Wch U16"]
[Site "Al Ain"]
[Date "2013.12.20"]
[Round "3"]
[White "Liu, Andrew"]
[Black "Sokac, Marko"]
[Result "1-0"]
[WhiteElo "2236"]
[BlackElo "2038"]
[PlyCount "83"]
[EventDate "2013.12.18"]
[EventType "swiss"]
[EventRounds "11"]
[EventCountry "UAE"]
[SourceTitle "CBM 158 Extra"]
[Source "ChessBase"]
[SourceDate "2014.02.28"]
[SourceVersion "1"]
[SourceVersionDate "2014.02.28"]
[SourceQuality "1"]

1. Nf3 d6 2. d4 Bg4 3. Nbd2 Nf6 4. h3 Bh5 5. c4 c6 6. e3 Nbd7 7. Be2 e5 8. Qc2 Be7 9. 0-0 g5 10. Re1 g4 11. hxg4 Bg6 12. Qb3 Nxg4 13. Qxb7 e4 14. Nh2 Nxh2 15. Kxh2 Rc8 16. Qb3 h5 17. Rh1 Nf6 18. Kg1 h4 19. Qd1 Qa5 20. b4 Qg5 21. Nf1 Kd7 22. b5 cxb5 23. Rb1 Rcg8 24. Rxb5 Bf5 25. Rh2 d5 26. Qa4 Bd6 27. Rxd5+ Ke7 28. Qxa7+ Nd7 29. Rxd6 Bh3 30. Rd5 Qxg2+ 31. Rxg2 Rxg2+ 32. Kh1 Rhg8 33. Ba3+ Kf6 34. Qa6+ Be6 35. Ng3 R8xg3 36. fxg3 Rxe2 37. Rxd7 h3 38. d5 Re1+ 39. Kh2 Re2+ 40. Kg1 Re1+ 41. Kf2 h2 42. Be7+ 1-0

[Event "USA tt"]
[Site "ICC INT"]
[Date "2013.09.18"]
[Round "4"]
[White "Liu, Andrew"]
[Black "Jones, Craig W"]
[Result "1-0"]
[WhiteElo "2204"]
[BlackElo "2153"]
[PlyCount "179"]
[EventDate "2013.08.27"]
[EventType "team-tourn"]
[EventRounds "10"]
[EventCountry "USA"]
[SourceTitle "CBM 156 Extra"]
[Source "ChessBase"]
[SourceDate "2013.10.22"]
[SourceVersion "1"]
[SourceVersionDate "2013.10.22"]
[SourceQuality "1"]
[WhiteTeam "New England"]
[BlackTeam "Carolina"]
[WhiteTeamCountry "USA"]
[BlackTeamCountry "USA"]

1. d4 Nf6 2. c4 e6 3. Nc3 Bb4 4. f3 c5 5. d5 0-0 6. e4 Re8 7. Nge2 exd5 8. cxd5 d6 9. a3 Bxc3+ 10. Nxc3 Nh5 11. g3 f5 12. Bg2 fxe4 13. fxe4 Nf6 14. 0-0 Bg4 15. Qb3 Nbd7 16. Qxb7 c4 17. Be3 Bh5 18. Qa6 Qb8 19. Rab1 Ne5 20. Bd4 Nfd7 21. Qa4 Qd8 22. Qc2 a6 23. Na2 Qg5 24. Rf5 Qg4 25. Nc3 Rf8 26. Rbf1 Bg6 27. R5f4 Qg5 28. Ne2 Rfe8 29. h4 Qe7 30. Nc3 Rab8 31. Rb1 Nd3 32. Rff1 N7c5 33. Bxc5 Nxc5 34. Rf4 Qe5 35. Kh2 Re7 36. Bf1 Qd4 37. Rd1 Qe3 38. Qd2 Qxd2+ 39. Rxd2 Nd3 40. Bxd3 cxd3 41. Kg2 a5 42. Kf3 Reb7 43. Nd1 Bh5+ 44. g4 Be8 45. Ke3 Ba4 46. Rff2 Bc2 47. Kd4 Rb3 48. Ne3 Rxb2 49. Nxc2 dxc2 50. Rxc2 Rb1 51. e5 dxe5+ 52. Kxe5 Re8+ 53. Kd6 h5 54. g5 Rb5 55. Rf5 g6 56. Re5 Rd8+ 57. Kc6 Rbxd5 58. Rxd5 Rc8+ 59. Kd7 Rxc2 60. Ke6 Rc4 61. Rxa5 Rxh4 62. Kf6 Rf4+ 63. Kxg6 h4 64. Rd5 h3 65. Rd3 h2 66. Rh3 Rf2 67. Kh6 Rf3 68. Rxh2 Rxa3 69. Rb2 Ra8 70. Rb6 Rc8 71. Kg6 Ra8 72. Kf6 Rc8 73. g6 Ra8 74. Kg5 Rc8 75. Kh6 Ra8 76. Rb7 Rc8 77. Rf7 Ra8 78. Rg7+ Kh8 79. Rh7+ Kg8 80. Rf7 Rb8 81. Rf6 Ra8 82. Rf7 Rc8 83. Rg7+ Kh8 84. Rh7+ Kg8 85. Rf7 Ra8 86. Rg7+ Kh8 87. Rb7 Rc8 88. Rb6 Ra8 89. Rc6 Rc8 90. Rxc8# 1-0

[Event "USA tt"]
[Site "ICC INT"]
[Date "2012.10.18"]
[Round "7"]
[White "Liu, Andrew"]
[Black "Burke, John M"]
[Result "1/2-1/2"]
[WhiteElo "2174"]
[BlackElo "2009"]
[PlyCount "217"]
[EventDate "2012.09.04"]
[EventType "team-tourn"]
[EventRounds "10"]
[EventCountry "USA"]
[SourceTitle "EXT 2013"]
[Source "ChessBase"]
[SourceDate "2012.11.22"]
[SourceVersion "1"]
[SourceVersionDate "2012.11.22"]
[SourceQuality "1"]
[WhiteTeam "Boston"]
[BlackTeam "New Jersey"]
[WhiteTeamCountry "USA"]
[BlackTeamCountry "USA"]

1. d4 Nf6 2. c4 g6 3. Nc3 d5 4. Nf3 Bg7 5. Bg5 Ne4 6. cxd5 Nxg5 7. Nxg5 e6 8. Nf3 exd5 9. e3 0-0 10. Be2 c6 11. b4 Qd6 12. Qb3 Bg4 13. 0-0 f5 14. Ne1 Bxe2 15. Nxe2 Nd7 16. Nd3 Nf6 17. Rac1 Bh6 18. b5 Ne4 19. Rc2 Rfc8 20. Rfc1 Qe6 21. Nef4 Bxf4 22. Nxf4 Qd7 23. bxc6 bxc6 24. Nd3 Qd6 25. f3 Nf6 26. Ne5 Rab8 27. Qa4 c5 28. Rxc5 Rxc5 29. Rxc5 Rb1+ 30. Kf2 Rb2+ 31. Rc2 Qb6 32. Nd3 Rxc2+ 33. Qxc2 Kg7 34. Nf4 Kf7 35. h3 g5 36. Ne2 Qe6 37. Qc7+ Qe7 38. Qc2 Qe6 39. Qc5 Qa6 40. Qc2 Qe6 41. Qd2 Qa6 42. Nc1 Qb6 43. Nd3 Ke7 44. Ne5 Nd7 45. Qc3 Nxe5 46. dxe5 Ke6 47. Kg3 h5 48. f4 h4+ 49. Kf3 Qa6 50. Qc1 gxf4 51. exf4 d4 52. Qd1 Kd5 53. Qb3+ Kc5 54. Kf2 Qa5 55. Ke2 Qa6+ 56. Kf2 Qa5 57. Qc2+ Kd5 58. Ke2 Qb5+ 59. Kf2 Qa5 60. Ke2 Qb5+ 61. Kd2 Qf1 62. Qb3+ Kc5 63. Qa3+ Kb6 64. Qf3 Qa6 65. Qb3+ Kc5 66. Qc2+ Kd5 67. a4 Qf1 68. Qb3+ Kc5 69. Qa3+ Kc4 70. Qf3 Qa1 71. Qc6+ Kb3 72. Qb5+ Ka3 73. Qd3+ Kb4 74. Ke2 Qg1 75. Qb5+ Kc3 76. Qc5+ Kb3 77. Qb5+ Kc3 78. Qd3+ Kb4 79. Qd2+ Kc4 80. Qd3+ Kb4 81. Kf3 Kxa4 82. e6 Qe1 83. Qxd4+ Kb5 84. Qd5+ Kb6 85. Qb3+ Kc6 86. Qc2+ Kd6 87. Qxf5 Qxe6 88. Qf8+ Kd7 89. Qg7+ Qe7 90. Qd4+ Ke6 91. Qc4+ Kf6 92. Qd4+ Kf5 93. Qd5+ Kg6 94. Qc6+ Kf5 95. g4+ hxg3 96. Qd5+ Kg6 97. Qd3+ Kf6 98. Kxg3 Qe1+ 99. Kg2 a5 100. Qb5 Qe4+ 101. Kg3 Qe3+ 102. Kg4 Qg1+ 103. Kf3 Qh1+ 104. Kg3 Qg1+ 105. Kf3 Qh1+ 106. Kg3 Qg1+ 107. Kf3 Qh1+ 108. Kg3 Qg1+ 109. Kf3 1/2-1/2

[Event "USA tt"]
[Site "ICC INT"]
[Date "2012.09.24"]
[Round "4"]
[White "Liu, Andrew"]
[Black "Guenther, Travis R"]
[Result "0-1"]
[WhiteElo "2174"]
[BlackElo "1846"]
[PlyCount "88"]
[EventDate "2012.09.04"]
[EventType "team-tourn"]
[EventRounds "10"]
[EventCountry "USA"]
[SourceTitle "CBM 150 Extra"]
[Source "ChessBase"]
[SourceDate "2012.10.19"]
[SourceVersion "1"]
[SourceVersionDate "2012.10.19"]
[SourceQuality "1"]
[WhiteTeam "Boston"]
[BlackTeam "Dallas"]
[WhiteTeamCountry "USA"]
[BlackTeamCountry "USA"]

1. d4 d5 2. c4 c6 3. Nf3 Nf6 4. Nc3 dxc4 5. a4 Bf5 6. e3 e6 7. Bxc4 Bb4 8. 0-0 Nbd7 9. Qe2 Bg6 10. Rd1 0-0 11. Bd2 Bh5 12. e4 e5 13. d5 h6 14. dxc6 bxc6 15. Be1 Qe7 16. Bb3 Nc5 17. Bc2 Ne6 18. Qc4 Bxf3 19. gxf3 Nd4 20. Rxd4 exd4 21. Qxd4 Qc5 22. Qe3 Rab8 23. Rb1 Rfd8 24. h4 Qh5 25. e5 Nd5 26. Nxd5 cxd5 27. Qf4 Bxe1 28. Rxe1 Rxb2 29. Bf5 Rb3 30. Bg4 Qg6 31. e6 Rb1 32. exf7+ Kf8 33. Rxb1 Qxb1+ 34. Kg2 d4 35. Qc7 Qb6 36. Qf4 d3 37. Qe4 d2 38. Bh5 Qb8 39. Qh7 d1Q 40. Qg8+ Ke7 41. f8Q+ Rxf8 42. Qxg7+ Kd6 43. Qxh6+ Kc5 44. Qg5+ Qd5 0-1